Longe é um lugar que não existe / (Record no. 38)

MARC details
000 -LÍDER
campo de controle de tamanho fixo 01346nam a2200313 4500
001 - NÚMERO DE CONTROLE
campo de controle 38
003 - IDENTIFICADOR DO NÚMERO DE CONTROLE
campo de controle OSt
005 - DATA E HORÁRIO DA ÚLTIMA TRANSAÇÃO
campo de controle 20250207101916.0
008 - CAMPO DE DADOS FIXOS--INFORMAÇÃO GERAL
campo de controle de tamanho fixo 250121b |||||||g |||| 00| 1 eng d
040 ## - FONTE DA CATALOGAÇÃO
Idioma da catalogação por
041 ## - CÓDIGO DE IDIOMA
Código do idioma do original e/ou traduções intermediárias do texto eng
Código do idioma do texto/trilha sonora ou título diferente por
082 ## - CDD - CLASSIFICAÇÃO DECIMAL DE DEWEY
Número de Classificação 813
Número do exemplar B118l
100 1# - ENTRADA PRINCIPAL--NOME PESSOAL
Nome pessoal Bach, Richard,
Datas associadas ao nome 1936-
9 (RLIN) 99
240 ## - TÍTULO UNIFORME
Título uniforme There´s no such place as far away
245 ## - TÍTULO
Título Longe é um lugar que não existe /
Indicação de responsabilidade, etc. Bach, Richard ; Tradução de A. B. Pinheiro de Lemos e Ilustração de Ronald Wegen
250 ## - EDIÇÃO
Declaração de edição 14° edição
260 ## - PUBLICAÇÃO, DISTRIBUIÇÃO, ETC.
Local de publicação, distribuição, etc. Rio de Janeiro
Nome do editor, distribuidor, etc. Record
Data da publicação, distribuição, etc. 1979
300 ## - DESCRIÇÃO FÍSICA
Extensão 50 p.
Outros detalhes físicos il.
520 ## - NOTA DE RESUMO, ETC.
Resumo, etc. Há muito tempo, Rae Hansen, uma menina às vésperas de seus cinco anos, convida o amigo Richard Bach para sua festa de aniversário. Confiante, ela o espera, apesar de saber que sua casa ficava além de desertos, tempestades e montanhas... Como RichardBach chega até lá e o presente e o presente que lhe dá são narrados nessa história mágica que emocionou milhões de leitores desde a primeira publicação em 1979.
650 #0 - ASSUNTO--TERMO TÓPICO
Cabeçalho tópico ou nome geográfico Literatura Americana
9 (RLIN) 84
650 #0 - ASSUNTO--TERMO TÓPICO
Cabeçalho tópico ou nome geográfico Espiritualidade
9 (RLIN) 16
650 #0 - ASSUNTO--TERMO TÓPICO
Cabeçalho tópico ou nome geográfico Filosofia
9 (RLIN) 4
650 #0 - ASSUNTO--TERMO TÓPICO
Cabeçalho tópico ou nome geográfico Historias curtas
9 (RLIN) 67
650 #0 - ASSUNTO--TERMO TÓPICO
Cabeçalho tópico ou nome geográfico Auto Conhecimento
9 (RLIN) 19
655 #0 - TERMO DE ÍNDICE--GÊNERO E FORMA
Gênero/forma/ou termo foco Conto
700 ## - ENTRADA ADICIONADA - NOME PESSOAL
Nome pessoal A. B. Pinheiro de Lemos
Função do autor por extenso Tradutor
9 (RLIN) 109
700 ## - ENTRADA ADICIONADA - NOME PESSOAL
Nome pessoal Ronald Wegen
Função do autor por extenso Ilustração
9 (RLIN) 110
942 ## - ELEMENTOS DE ENTRADA ADICIONADOS (KOHA)
Fonte de classificação ou esquema de arquivamento Classificação decimal de Dewey
Ocultar no OPAC Não
Tipo de material Koha Livros
Holdings
Situação do descarte Situação das perdas Fonte de classificação ou esquema de arquivamento Status danificado Não pode ser emprestado Coleção Biblioteca de origem Biblioteca atual Localização na estante Data de aquisição Fonte de aquisição Total de empréstimos Número de chamada completo Código de barras Data de último acesso Data do preço efetivo Tipo de material Koha
    Classificação decimal de Dewey     Ficção Biblioteca Professor Eduardo Afonso de Castro Biblioteca Professor Eduardo Afonso de Castro Literatura Estrangeira 29.07.1987 doação   813 / B118l 2025-7130 20.01.2025 20.01.2025 Livros

Powered by Koha